Normal view
MARC view
- الانظمة الاقتصادية-اقتصاد كلي -اقتصاد جزئي
Entry Topical Term
001 - CONTROL NUMBER
- control field: 33361
003 - CONTROL NUMBER IDENTIFIER
- control field: JO-AjAnu
005 - DATE AND TIME OF LATEST TRANSACTION
- control field: 20230606075610.0
008 - FIXED-LENGTH DATA ELEMENTS
- fixed length control field: 230606|| aca||aabn | a|a d
040 ## - CATALOGING SOURCE
- Original cataloging agency: JO-AjAnu
- Transcribing agency: JO-AjAnu
150 ## - HEADING--TOPICAL TERM
- Topical term or geographic name entry element: الانظمة الاقتصادية-اقتصاد كلي -اقتصاد جزئي
670 ## - SOURCE DATA FOUND
- Source citation: Work cat.: (JO-AjAnu)17138: عبدالرحمن،اسماعيل/حربي عريقات, author 33360, مفاهيم ونظم اقتصادية:التحليل الاقتصادي الكلي والجزئي